El hombre light: una vida sin valores

Saved in:
Bibliographic Details
Main Author: Rojas Montes, Enrique (Author)
Format: Book
Language:Spanish
Published: Madrid Temas de Hoy 1993
Edition:6a. ed
Series:Colección Fin de Siglo, 33
Subjects:
Tags: Add Tag
No Tags, Be the first to tag this record!

MARC

LEADER 00000nam a2200000 a 4500
001 UCO6332
003 CL-VaPUC
008 001020e19930000SP |||||||||||||||||spa|d
082 0 4 |a 170  |b ROJ  |2 21 
100 0 |a Rojas Montes, Enrique  |e author  |9 451044 
245 1 3 |a El hombre light: una vida sin valores 
250 |a 6a. ed 
300 |a 186 p 
942 |c BK 
945 |d 20001020 00:00:00  |a vberengu 
260 |a Madrid  |b Temas de Hoy  |c 1993 
650 0 |a Valores morales   |9 310604 
650 7 |a ETICA DE LOS NEGOCIOS  |2 CL-VaPUC  |9 312953 
650 0 |a Conducta  |9 269782 
650 0 |a Etica social   |9 267623 
650 0 |a Conciencia  |9 309452 
583 |a last modification  |c 20120626 04:19:17  |k Rodrigo Vera 
490 0 |a Colección Fin de Siglo, 33 
999 |c 291945  |d 291943 
952 |0 0  |1 0  |4 0  |6 170_000000000000000_ROJ_1993  |7 0  |8 R  |9 342292  |a BIBEDU  |b BIBEDU  |c MCIRC  |d 2019-11-20  |i 365785K  |o 170 ROJ 1993  |p 365785K  |r 2023-01-13  |w 2019-11-20  |y BK_R  |k EPE